000 00435nam a2200181Ia 4500
005 20240823011906.0
008 240823s9999||||xx |||||||||||||| ||und||
082 _A658.8 P2
100 _a"Zeithaml,Valarie A"
245 0 _aServices Marketing
250 _a2nd
260 _c2002
_b"TMH,New Delhi"
500 _aYES
650 _aManagement
_bManagement Studies
700 _a" Bitner,Mary Jo"
942 _cBK
999 _c162846
_d162846